000 00383nam a2200133Ia 4500
008 151001s9999||||xx |||||||||||||| ||und||
100 _aआलोक सिंह
245 _aसामाजिक दुरीतीया दोषी
250 _a1
260 _bएस के जी पब्लिशर्स
260 _c2010
300 _a82
365 _b21
999 _c995686
_d995683